00565nam a22001577a 450000500170000000800410001702000210005805000310007910000220011024500630013225000060019526000540020130000200025550000500027565000820032520250901162604.0250901b |||||||| |||| 00| 0 eng d a978-81239-1157-2 aQM 23 . C 354 2004 V. 3b4 aCHAURAISIA, B . D aHUMAN ANATOMY:REGIONAL AND APPLIED DISSECTION AND CLINICAL a4 aNEW DELHI,bCBS PUBLISHERS & DISTRIBUTORS,c2004, aXVi, 415 P, ILL aINCLUDES BIBLIOGRAPHICAL REFERENCES AND INDEX aAnatomy, Surgical and topographical Arm Anatomy, Brain Anatomy, Chest Anatomy